| 000 | 00793nam a2200301 a 4500 | ||
|---|---|---|---|
| 003 | AR-BaBNM | ||
| 005 | 20251128210926.0 | ||
| 008 | 082120s2002 ||||||||||||||000 | spa|| | ||
| 040 | _cAR-BaBNM | ||
| 100 | 1 | _aLequeux, P. | |
| 245 | 0 | 0 |
_aEl niño _bcreador de espectáculo |
| 260 |
_aBuenos Aires _bKapelusz _c1977 |
||
| 300 |
_a127 p. _bfot. |
||
| 490 | 0 | _aPedagogía práctica | |
| 650 | 4 | _aTEATRO INFANTIL | |
| 650 | 4 | _aEDUCACION ARTISTICA | |
| 650 | 4 | _aDRAMATIZACION | |
| 650 | 4 | _aENSEÑANZA DE ARTE DRAMATICO | |
| 650 | 4 | _aCREATIVIDAD | |
| 650 | 4 | _aJUEGO | |
| 650 | 4 | _aACTIVIDADES ESCOLARES | |
| 650 | 4 | _aTECNICAS DIDACTICAS | |
| 650 | 4 | _aACTIVIDADES DE APRENDIZAJE | |
| 653 | _aEXPRESION CORPORAL | ||
| 653 | _aEDUCACION INICIAL | ||
| 942 | _cBK | ||
| 998 | _cRAQUEL | ||
| 999 |
_c17485 _d17485 |
||